Từ điển latinh - Việt tên Thực vật

Đã lưu trong:
Bibliografiske detaljer
Hovedforfatter: Nguyễn, Minh Nghị
Format: Bog
Udgivet: Hà Nội Khoa học - Kỹ thuật 1970
Fag:
Tags: Tilføj Tag
Ingen Tags, Vær først til at tagge denne postø!
Thư viện lưu trữ: Trung tâm Học liệu Lê Vũ Hùng, Trường Đại học Đồng Tháp
LEADER 00707pam a22002178a 4500
001 00043438
005 20181213141241.0
008 110422s1999 ||||||Viesd
041 0 # |a Vie 
082 1 4 |a 580.3  |b T550Đ 
100 0 # |a Nguyễn, Minh Nghị 
245 0 0 |a Từ điển latinh - Việt tên Thực vật  |c Nguyễn Minh Nghị 
260 # # |a Hà Nội  |b Khoa học - Kỹ thuật  |c 1970 
300 # # |a 291 tr.  |c 19 cm. 
653 # # |a Thuật vật 
653 # # |a Tiếng gọi 
653 # # |a Tiếng việt 
653 # # |a từ điển 
852 # # |j KD.0024430 
910 # # |d 13/12/2018 
980 # # |a Trung tâm Học liệu Lê Vũ Hùng, Trường Đại học Đồng Tháp